000 00421nam a2200181Ia 4500
001 1623
005 20260306143742.0
008 260306t2015||||xx |||||||||||||| ||spa||
041 _aESP
082 _a153.73
_bT88
100 _aTudela Garmendia, Pío
_eAUT
245 0 _aPercepción y atención
260 _c2015
300 _a397 páginas :
_c24 cm.
650 _aGEN
654 _aCPS
942 _cLIB
_dJUS
_fJUS
_2ddc
_n
999 _c1623
_d1623